000 00414nam a2200181Ia 4500
001 3279
005 20260306144909.0
008 260306t1986||||xx |||||||||||||| ||spa||
041 _aESP
082 _a263.1
_bE372
100 _aEscrivá de Balaguer, Josemaría,
_eAUT
245 0 _aSurco
260 _c1986
300 _a474 páginas :
_c15 cm.
650 _aGEN
654 _aCHU
942 _cLIB
_dJUS
_fJUS
_2ddc
_n
999 _c3279
_d3279